Pokémon Cities and Towns by Description - Statistics

General Stats
  • This quiz has been taken 64 times
  • The average score is 7 of 14
Answer Stats
Description Answer % Correct
Shipbuilding Hoenn City Slateport
88%
Home to the Sprout Tower Violet
70%
Home to a Space Center Mossdeep
66%
Sea Port for the S.S. Anne Vermilion
64%
Founded to protect the Great Marsh Pastoria
63%
Former home to the Kanto Safari Zone Fuchsia
59%
Home to a 500-year old pharmacy Cianwood
46%
Home to Caitlin's Villa Undella
43%
Second-largest city in Kalos (pop.) Cyllage
34%
Home to Mallow's restaurant Konikoni
32%
Home to the Vista Lighthouse Sunyshore
32%
Known for its Windmills Dendemille
29%
Home to Burnet's Lab Heahea
27%
Town known for its porcelain and pottery Lentimas
20%
No matching quizzes found
Score Distribution
Percent of People with Each Score
Percentile by Number Answered
Your Score History
You have not taken this quiz